000 00316nam a22001217a 4500
020 _a9780321542304
100 _aROCKSWOLD GARY
245 _aCOLLEGE ALGEBRA-with modelling & visualization
250 _a4th ed
260 _aBOSTON
_bPEARSON/addison-wesley
_c2010
300 _avarious pagination
_bill
942 _cBK
999 _c252227
_d252226